000
00288nam a22001337a 4500
020
_a
9780830678115
041
_a
eng
080
_a
62
090
_b
KYB
100
_a
Kybett, Harry.
245
_a
The Complete Handbook of Videocassette Recorders.
650
_a
Reference
999
_c
279449
_d
279449
942
_c
BK